| 000 | 00782cam a2200265 a 4500 | ||
|---|---|---|---|
| 001 | 169921 | ||
| 003 | OSt | ||
| 005 | 20180921 | ||
| 008 | 0000002010 dr AN 0000000000spa00 | ||
| 020 | _a978-84-89327-33-7 | ||
| 245 |
_aVademecum internacional : primera guía farmacológica completa _cdirectora Ma. Jesús Canales |
||
| 260 |
_aMadrid : _bUBM Medica Spain |
||
| 300 | _a1058 p. | ||
| 500 | _aEl libro no trajo CD | ||
| 504 | _aIncluye índice | ||
| 650 |
_aFarmacología _aMedicamentos _aTerapeútica |
||
| 700 | _aCanales, María Jesús, dir | ||
| 040 |
_aDLC _cDLC |
||
| 942 |
_2ddc _cBK |
||
| 999 |
_c169921 _d16992100 |
||